Guess the Harry Potter Movies by Scene #33 - Statistics

General Stats
  • This quiz has been taken 111 times
  • The average score is 16 of 20
Answer Stats
Picture Answer % Correct
Order of the Phoenix
97%
Philosopher's Stone
94%
Half-Blood Prince
90%
Chamber of Secrets
84%
Goblet of Fire
84%
Half-Blood Prince
84%
Order of the Phoenix
84%
Order of the Phoenix
84%
Prisoner of Azkaban
84%
Half-Blood Prince
81%
Philosopher's Stone
81%
Chamber of Secrets
77%
Deathly Hallows – Part 1
77%
Deathly Hallows – Part 2
77%
Goblet of Fire
77%
Prisoner of Azkaban
77%
Prisoner of Azkaban
77%
Goblet of Fire
74%
Order of the Phoenix
74%
Philosopher's Stone
74%
No matching quizzes found
Score Distribution
Percent of People with Each Score
Percentile by Number Answered
Your Score History
You have not taken this quiz